|
|
|
|
| LEADER |
00618nab a2200157 i 4500 |
| 001 |
delm137106 |
| 005 |
20191209083301.0 |
| 008 |
191209s2006 hu o 0|| hun d |
| 040 |
|
|
|a SZTE Délmagyarország Archívum
|b hun
|
| 041 |
|
|
|a hun
|
| 100 |
1 |
|
|a Dombai Tünde
|
| 245 |
1 |
0 |
|a Ha újrakezdenék, ugyanazt az utat járnák
|h [elektronikus dokumentum] :
|b hazafiságból adtak példát - kitüntetések a forradalom 50. évfordulóján /
|c Dombai Tünde
|
| 260 |
|
|
|c 2006-10-24
|
| 300 |
|
|
|a 5
|
| 490 |
0 |
|
|a Délmagyarország
|v 96 No. 249
|
| 695 |
|
|
|a Szeged, Forradalom 1956 Szeged megemlékezés, Pofosz, Politikai Foglyok Szövetsége
|